000 00339nam a22001697a 4500
003 UA-OsUOA
001 3818
007 ta
008 20050721b un ||||| |||| 00| 0 ukr d
100 _aChamberlin
700 _aW. H.
942 _cBK
040 _aUA-OsUOA
_cUA-OsUOA
_dUA-OsUOA
245 _aThe Ukraine
955 _a2
650 7 _2UDC
999 _c289980
_d289980